Praktičeskij kurs jazyka PASKAĽ dľa mikro-EVM = Practical PASCAL for microcomputers /

Saved in:
Bibliographic Details
Main Author: Graham, Roger (Author)
Format: Book
Language:Slovak
Published: Moskva : Radio i svjaz, 1986
Edition:1.vyd.
Tags: Add Tag
No Tags, Be the first to tag this record!

MARC

LEADER 00000nam a22000003a 4500
001 stu7405
005 20150617225806.4
008 950315s1986----cs------------------slo-d
040 |a STU  |b slo 
041 0 |a slo 
044 |a cs 
080 |a 681.32.06-181.4 
080 |a 519.682 
100 1 |a Graham, Roger  |4 aut 
245 1 |a Praktičeskij kurs jazyka PASKAĽ dľa mikro-EVM = Practical PASCAL for microcomputers /  |c [aut.] Graham,Roger 
250 |a 1.vyd. 
260 |a Moskva :  |b Radio i svjaz,  |c 1986 
300 |a 198 s 
500 |a prel. z angl.orig. 
996 |b E61165  |c E*61165  |l EE03  |s P  |a 0  |w stu7405_0002